Statistics for Brawl Stars Brawlers

Click here to take the quiz!

General Stats

  • This quiz has been taken 261 times
  • The average score is 23 of 25

Answer Stats

DescriptionHintAnswer% Correct
"Fighter"Trophy Road CharacterShelly
98%
"Fighter"Trophy Road CharacterNita
97%
"Heavyweight"Trophy Road CharacterBull
96%
"Sharpshooter"Trophy Road CharacterColt
96%
"Heavyweight"RareEl Primo
94%
"Healer"RarePoco
94%
"Fighter"Trophy Road CharacterBo
93%
"Sharpshooter"Trophy Road CharacterBrock
92%
"Toxic Assassin"LegendaryCrow
92%
"Fighter"Trophy Road CharacterJessie
92%
"Stealthy Assassin"LegendaryLeon
92%
"Dashing Assassin"MythicMortis
91%
"Sharpshooter"Super RareRico
91%
"Heavyweight"RareRosa
91%
"Thower"Trophy Road CharacterDynamike
90%
"Heavyweight"EpicFrank
90%
"Healer"EpicPam
90%
"Sharpshooter"Super RarePenny
90%
"Sharpshooter"LegendarySpike
90%
"Thrower"RareBarley
89%
"Heavyweight"Super RareDarryl
89%
"Skirmisher"MythicTara
88%
"Support"MythicGene
87%
"Sharpshooter"EpicPiper
87%
"Fighter"Super RareCarl
85%

Score Distribution

Percentile by Number Answered

Percent of People with Each Score

Your Score History

You have not taken this quiz